A fluid inclusions study of Pb-Zn mineralisations of the Western part of the Nízke Tatry Mts. (Western Carpathians, Slovakia)

Elmentve itt :
Bibliográfiai részletek
Szerzők: Luptáková J.
Majzlan Juraj
Chovan Martin
Dokumentumtípus: Cikk
Megjelent: Department of Mineralogy, Geochemistry and Petrology, University of Szeged Szeged 2003
Sorozat:Acta mineralogica-petrographica 2
Acta mineralogica-petrographica : abstract series 2
Kulcsszavak:Földtan, Ásványtan, Kőzettan
Tárgyszavak:
Online Access:http://acta.bibl.u-szeged.hu/31488
LEADER 01035nab a2200241 i 4500
001 acta31488
005 20260212145234.0
008 161017s2003 hu o 000 eng d
022 |a 0324-6523, 1589-4835 
040 |a SZTE Egyetemi Kiadványok Repozitórium  |b hun 
041 |a eng 
100 1 |a Luptáková J. 
245 1 2 |a A fluid inclusions study of Pb-Zn mineralisations of the Western part of the Nízke Tatry Mts. (Western Carpathians, Slovakia)  |h [elektronikus dokumentum] /  |c  Luptáková J. 
260 |a Department of Mineralogy, Geochemistry and Petrology, University of Szeged  |b Szeged  |c 2003 
300 |a 120 
490 0 |a Acta mineralogica-petrographica  |v 2 
490 0 |a Acta mineralogica-petrographica : abstract series  |v 2 
650 4 |a Természettudományok 
650 4 |a Föld- és kapcsolódó környezettudományok 
695 |a Földtan, Ásványtan, Kőzettan 
700 0 1 |a Majzlan Juraj  |e aut 
700 0 1 |a Chovan Martin  |e aut 
856 4 0 |u http://acta.bibl.u-szeged.hu/31488/1/mineralogica_as_002_120.pdf  |z Dokumentum-elérés